| 000 | 00501nam a2200169Ia 4500 | ||
|---|---|---|---|
| 008 | 230917s9999||||xx |||||||||||||| ||und|| | ||
| 020 | _cRS595 | ||
| 040 |
_e239554 _aMAIN |
||
| 041 | _aEnglish | ||
| 082 | _a891.433721 GK443B | ||
| 100 | _aकिशोर, गिरीराज | ||
| 245 | 0 | _aबा | |
| 260 |
_aनई दिल्ली _bराजकमल प्रकाशन _c2016 |
||
| 300 | _a276 पृ. p. | ||
| 500 | _a2710 30/03/2017 HBD17/6963 29/05/2017 Main Budget | ||
| 942 | _cHN | ||
| 999 |
_c22537 _d22537 |
||